000 01024nam a2200265 4500
001 16905
003 ES-MaACL
007 t|
008 001121s1986 sp ||||0| spa j
016 7 _zIBH8705211528
040 _aIBH
_bspa
_cM-BN-DP
080 _a271 Opus Dei
110 2 _aOpus Dei.
_96035
245 1 4 _aLos estatutos secretos del Opus Dei.
250 _a[Ed. bilingüe].
260 _a[Barcelona] :
_bTiempo,
_c1986.
300 _a2 v. (188, 127 p.) ;
_c19 cm.
500 _aTít. tomado de la cub. --Texto en latín y español.
505 8 _aContiene: V. 1. Constituciones Sociedad Sacerdotal de la Santa Cruz y de la Obra de Dios... / [traducción del latín al español por Lois Perez Castro] -- V. 2. Código de Derecho particular de la Obra de Dios / [traducción del latín al español por Matilde Rovira Soler
610 2 7 _aOpus Dei.
_96035
700 1 _aPérez Castro, Lois.
_990724
700 1 _aRovira Soler, Matilde.
_9100156
852 _aES-MaACL
_jG-2924-5
_bR.112298
999 _c16905
_d16905